000 00950nam a2200253Ia 4500
003 OSt
005 20220923211038.0
006 a|||||r|||| 00| 0
007 ta
008 Pun
020 _a817205565X (hbk)
_c500
024 _a328,263
037 _bSP/5380, 17/03/2018, Star Publications (Pvt.) Ltd.
_cTextual
040 _aARTS
_cARTS
_bPun
041 _2Pun
_aPun
082 _aNR4443, 153Q7
100 _aਕੰਵਲ, ਬਲਬੀਰ ਸਿੰਘ, ਂਚ.
_9157560
245 0 _aਪੰਜਾਬ ਦੇ ਸੰਗੀਤ ਘਰਾਣੇ ਅਤੇ ਭਾਰਤੀ ਸੰਗੀਤ ਪਰੰਪਰਾ
260 _aਅੰਮ੍ਰਿਤਸਰ
_b ਸਿੰਘ ੁਬ੍ਰਦਰਗ਼
_c2017
300 _a392ਪ0
_ccm.
650 _aਸੰਗੀਤ
_9157561
942 _hNR4443, 153Q7
_cTEXL
_2CC
999 _c294451
_d294451